00548nam a2200193 a 4500001001300000003000900013005001700022008004100039020002300080082001500103100001500118245005400133260005400187300000900241500003500250505003400285650002000319700001500339nice12345678IN_TiNIC20260116013314.0050524s1994 newa grp 000 0 eng  a8174354 c30000a956.1bSIN aSinha, R K aTurkish Question Mustafa Kemal and Mahatma Gandhi aNew Delhi bAdam Publisher and Distributer c1994 a303p aincludes index and biblioraphy2 aBibliography, Glossary, Index aTurkey-Politics1 aSinha, R K